000 00350 a2200157 4500
001 169885
020 _a
040 _cMagnum
100 _aSantos Junior, Walter
240 1 0 _aDemocracia: o governo de muitos
_lpor
245 1 0 _aDemocracia: o governo de muitos
362 0 _a1899
440 1 _aScipione
697 _aPARADIDATICO
942 _cBK
999 _c169885
_d169885